Statistics for Ready to Run - One Direction (All lyrics)

Click here to take the quiz!

General Stats

  • This quiz has been taken 86 times
  • The average score is 320 of 368

Answer Stats

Answer% Correct
a
100%
I
100%
I’m
100%
ready
100%
(ready
100%
run)
100%
run
100%
the
100%
time
100%
to
100%
(this
98%
This
98%
you
98%
your
98%
Escape
97%
from
97%
and
95%
And
95%
be
95%
city
95%
yours
95%
in
94%
when
94%
mine?
92%
of
92%
wanna
92%
sun
91%
Don’t
89%
don’t
89%
oh
89%
‘Cause
88%
dark
88%
follow
88%
night
86%
never
85%
no
85%
get
83%
is
83%
lost
83%
me
83%
are
82%
can
82%
can’t
82%
eyes
82%
free
82%
I’ll
82%
There
82%
belong
80%
look
80%
place
80%
back,
78%
it
78%
know
78%
know,
78%
There’s
78%
there’s
78%
Wherever
78%
will
77%
But
75%
out
75%
running
74%
that
74%
boat,
72%
make
72%
now
72%
yes
72%
alive
71%
alright
71%
fine
71%
for
71%
on
71%
sinking
71%
Then
71%
we’ll
69%
Without
69%
inside
65%
it’s
65%
deny
63%
every
62%
lightning
62%
only
58%
way
58%
love
57%
I’d
55%
moment
55%
smile,
55%
always
54%
chasing
54%
give
54%
realize
54%
around
52%
my
52%
next
52%
course
51%
finally
51%
speed
51%
turn
51%
young
51%
change
49%
keep
49%
life
49%
devil
48%
everything
48%
kind
48%
gaining
46%
criticize
45%
future
45%
got
45%
Unless
45%
rolling
43%
stay
43%
tide
40%
foresee
37%

Score Distribution

Percentile by Number Answered

Percent of People with Each Score

Your Score History

You have not taken this quiz